000 00901nam a22002531u 4500
001 05556
003 HDC
007 cr bn ---aaaaa
008 210120p9999 | d 00 engg
040 _aHDC
100 _aJamal Abdul Nassir Shaari,
_eauthor
_cDr.
_94986
245 0 _aDimension of Halal Purchase Intention: A Preliminary Study / by
_cDr. Jamal Abdul Nassir Shaari
260 _a[no place] :
_b[publisher not identified],
_c[no year]
300 _a 1 online resource (14 pages)
336 _atext
_2rdacontent
337 _acomputer
_2rdamedia
338 _aonline resource
_2rdacarrier
650 _aHalal
_9294
650 _aPurchase intention
_92139
856 _zRequest full-text at [email protected]
942 _2lcc
942 _cAR
942 _kJART 001409
999 _c2880
_d2880